| 000 | 00684nam a2200181Ia 4500 | ||
|---|---|---|---|
| 008 | 151202s9999||||xx |||||||||||||| ||und|| | ||
| 082 | _bPNVM-71686 | ||
| 100 | _aरावळ मोहन. | ||
| 245 | _aपर्यांच्या अद्भुत दुनियेत. | ||
| 260 | _bपरी प्रकाशन कोल्हापूर. | ||
| 260 | _c71686 | ||
| 300 | _a168 | ||
| 600 | _aरावळ मोहन. | ||
| 630 | _aपर्यांच्या अद्भुत दुनियेत. | ||
| 700 | _aरावळ मोहन. | ||
| 730 | _aपर्यांच्या अद्भुत दुनियेत. | ||
| 942 | _cBOOK | ||
| 999 |
_c1338358 _d1338355 |
||